000 00404nam a2200133 a 4500
005 20210219152819.0
008 991125n 000 0 spa u
035 _aUPN01000062225
222 _aEDUCACION :
_bREVISTA DEL CONSEJO NACIONAL TECNICO DE LA EDUCACION
245 _a25 aƱos de una profesora de primaria : testimonio
362 _a1982 42, oct.-dic.
904 _aAC
_b000036
905 _aArticulo
999 _c61583
_d61583